[Event "8th HD Bank Cup 2018"]
[Site "Hanoi VIE"]
[Date "2018.03.12"]
[Round "5.48"]
[White "Nguyen, Thi Thanh An"]
[Black "Nguyen, Quoc Hy"]
[Result "0-1"]
[WhiteTitle "WGM"]
[BlackTitle "CM"]
[WhiteElo "2274"]
[BlackElo "2039"]
[WhiteFideId "12400300"]
[BlackFideId "12410853"]
[EventDate "2018.03.10"]

1. d4 Nf6 2. Bf4 e6 3. e3 b6 4. Nf3 Bb7 5. h3 Be7 6. c4 Ne4 7. Nc3 Nxc3 8. bxc3
O-O 9. Bd3 d6 10. e4 Nd7 11. O-O e5 12. Bc1 f5 13. Nd2 f4 14. Nf3 Bf6 15. Ba3
Qe7 16. Re1 Kh8 17. Rb1 Qf7 18. Qa4 c5 19. d5 Rg8 20. Be2 Bd8 21. Qd1 h6 22. Nh2
Nf6 23. Bf3 Bc8 24. Ng4 Nh7 25. Nh2 Bd7 26. Bg4 Nf6 27. Bxd7 Qxd7 28. Rb5 h5 29.
Bc1 g5 30. Qd3 g4 31. Kf1 Be7 32. Ke2 gxh3 33. gxh3 Rg2 0-1

[Event "8th HD Bank Cup 2018"]
[Site "Hanoi VIE"]
[Date "2018.03.12"]
[Round "5.49"]
[White "Divya, Deshmukh"]
[Black "Le, Huu Thai"]
[Result "1/2-1/2"]
[WhiteTitle "WFM"]
[BlackTitle "CM"]
[WhiteElo "2138"]
[BlackElo "2223"]
[WhiteFideId "35006916"]
[BlackFideId "12402460"]
[EventDate "2018.03.10"]

1. d4 Nf6 2. Bg5 d5 3. e3 e6 4. c4 c6 5. Nc3 Qb6 6. Qb3 Ne4 7. Bf4 Nd7 8. c5 Qa5
9. Nf3 b6 10. cxb6 axb6 11. Bd3 Nxc3 12. bxc3 Ba6 13. Qc2 Bxd3 14. Qxd3 Qa6 15.
Qxa6 Rxa6 16. O-O Ba3 17. Rfb1 f6 18. Ne1 Kf7 19. Nd3 Rha8 20. f3 b5 21. e4 Nb6
22. Bc1 Nc4 23. exd5 exd5 24. Bxa3 Rxa3 25. Rc1 Ke7 26. Re1+ Kf7 27. Rec1 Re8
28. Nb4 Re6 29. Kf2 g5 30. g4 Ke7 31. Nd3 Kd8 32. Nc5 Re3 33. Nb3 Re7 34. Rc2
Nb6 35. Re1 Rxe1 36. Kxe1 Na4 37. Kd2 Nb6 38. Kd3 1/2-1/2

[Event "8th HD Bank Cup 2018"]
[Site "Hanoi VIE"]
[Date "2018.03.12"]
[Round "5.50"]
[White "Bhambure, Shantanu"]
[Black "Kulkarni, Chinmay"]
[Result "1/2-1/2"]
[WhiteElo "2135"]
[BlackElo "2215"]
[WhiteFideId "5025931"]
[BlackFideId "5023513"]
[EventDate "2018.03.10"]

1. d4 d5 2. Nf3 Nf6 3. c4 c6 4. Nc3 dxc4 5. a4 e6 6. e3 c5 7. Bxc4 Nc6 8. O-O
Be7 9. Qe2 cxd4 10. exd4 O-O 1/2-1/2

[Event "8th HD Bank Cup 2018"]
[Site "Hanoi VIE"]
[Date "2018.03.12"]
[Round "5.51"]
[White "Alfred, Nathan S W"]
[Black "Jishitha, D"]
[Result "1-0"]
[WhiteTitle "FM"]
[BlackTitle "WFM"]
[WhiteElo "2208"]
[BlackElo "2099"]
[WhiteFideId "407739"]
[BlackFideId "35031660"]
[EventDate "2018.03.10"]

1. d4 d5 2. c4 c6 3. Nf3 Nf6 4. Nc3 e6 5. e3 a6 6. Bd3 dxc4 7. Bxc4 b5 8. Bd3 c5
9. Qe2 Bb7 10. O-O Nc6 11. Rd1 Qb6 12. dxc5 Bxc5 13. a3 Rd8 14. b4 Bd6 15. Bb2
Ne5 16. Nxe5 Bxe5 17. Rac1 Bd6 18. Nxb5 Bb8 19. Bd4 Rxd4 20. Nxd4 h5 21. b5 a5
22. Nc6 Bc7 23. Qc2 g5 24. Nxa5 Bxh2+ 25. Kxh2 Qxa5 26. Qc3 Qxc3 27. Rxc3 h4 28.
Rc7 Ng4+ 29. Kg1 h3 30. g3 1-0

[Event "8th HD Bank Cup 2018"]
[Site "Hanoi VIE"]
[Date "2018.03.12"]
[Round "5.52"]
[White "Pham, Xuan Dat"]
[Black "Hoang, Thi Bao Tram"]
[Result "1/2-1/2"]
[BlackTitle "WGM"]
[WhiteElo "2118"]
[BlackElo "2410"]
[WhiteFideId "12401307"]
[BlackFideId "12401102"]
[EventDate "2018.03.10"]

1. d4 d5 2. Nf3 c6 3. Bf4 Qb6 4. Qc1 Bf5 5. e3 e6 6. Be2 Nf6 7. Nh4 Be4 8. f3
Bg6 9. Nxg6 hxg6 10. O-O c5 11. c3 Nc6 12. Bg3 Rc8 13. Qd2 Be7 14. Na3 O-O 15.
Nc2 cxd4 16. cxd4 Na5 17. b3 Nc6 18. Rfc1 Nh5 19. Bf2 Bd6 20. g3 f5 21. Rab1 a5
22. Ne1 Ba3 23. Rc2 Nb4 24. Rc3 Rc7 25. Nc2 Nxc2 26. Qxc2 Rfc8 27. Rxc7 Rxc7 28.
Qd1 Nf6 29. Bd3 Qd6 30. Qd2 b6 31. Qd1 Qd8 32. Qd2 Qd7 1/2-1/2

[Event "8th HD Bank Cup 2018"]
[Site "Hanoi VIE"]
[Date "2018.03.12"]
[Round "5.53"]
[White "Rathnakaran, K."]
[Black "Kulkarni, Vinayak"]
[Result "1/2-1/2"]
[WhiteTitle "IM"]
[WhiteElo "2395"]
[BlackElo "2161"]
[WhiteFideId "5005507"]
[BlackFideId "5021332"]
[EventDate "2018.03.10"]

1. e4 c5 2. Nf3 Nc6 3. Bb5 e6 4. O-O Nge7 5. Re1 Nd4 6. Bf1 Nxf3+ 7. Qxf3 Ng6 8.
c3 Be7 9. d4 O-O 10. Qh5 f5 11. Bd3 c4 12. exf5 cxd3 13. fxg6 hxg6 14. Qxg6 Rf5
15. Rd1 Qf8 16. Be3 b6 17. Rxd3 Bb7 18. Nd2 Rc8 19. b3 Rc6 20. Nf1 d5 21. Ng3
Rf6 22. Qg4 Ba6 23. Rdd1 Qf7 24. Rac1 Bd6 25. Rc2 Bb4 26. Bg5 Rg6 27. h4 Be7 28.
f4 e5 29. h5 exf4 30. hxg6 Qxg6 31. Qf5 Qxf5 32. Nxf5 Bxg5 33. g3 Rc8 34. Nh4
fxg3 35. Nf3 Be3+ 36. Kg2 Bf2 37. c4 1/2-1/2

[Event "8th HD Bank Cup 2018"]
[Site "Hanoi VIE"]
[Date "2018.03.12"]
[Round "5.54"]
[White "Gu, Xiaobing"]
[Black "Vasilyev, Mikhail"]
[Result "1-0"]
[WhiteTitle "WGM"]
[BlackTitle "IM"]
[WhiteElo "2354"]
[BlackElo "2141"]
[WhiteFideId "8602611"]
[BlackFideId "14101254"]
[EventDate "2018.03.10"]

1. e4 c5 2. Nf3 Nc6 3. Bb5 g6 4. Bxc6 dxc6 5. d3 Nf6 6. h3 Bg7 7. Nc3 O-O 8. Be3
Nd7 9. Qd2 Re8 10. Bh6 Bh8 11. h4 e5 12. h5 Qe7 13. O-O-O Nf8 14. Rh2 Ne6 15.
Rdh1 Bf6 16. hxg6 fxg6 17. Nd1 b5 18. Ne3 Nd4 19. c3 Nxf3 20. gxf3 a5 21. f4
exf4 22. Bxf4 Ra7 23. Rxh7 Qxh7 24. Rxh7 Rxh7 25. Bd6 Rh5 26. Qe2 Be6 27. Ng4
Bg7 28. Qf3 Bxa2 29. Nf6+ Bxf6 30. Qxf6 Bf7 31. f4 Re6 32. Qd8+ Re8 33. Qd7 Rh1+
34. Kd2 Rh2+ 35. Ke3 Rxb2 36. Be5 a4 37. Qh3 Rxe5 38. fxe5 a3 39. Qc8+ Kg7 40.
e6 Bxe6 41. Qxe6 a2 42. Qe7+ Kh6 43. Qf8+ Kh7 44. Qf1 b4 45. cxb4 cxb4 46. Qa1
Rg2 47. e5 b3 48. e6 Kg8 49. Qf1 1-0

[Event "8th HD Bank Cup 2018"]
[Site "Hanoi VIE"]
[Date "2018.03.12"]
[Round "5.55"]
[White "Looi, Xin Hao"]
[Black "Nguyen, Thi Mai Hung"]
[Result "1/2-1/2"]
[BlackTitle "WGM"]
[WhiteElo "2104"]
[BlackElo "2321"]
[WhiteFideId "5702828"]
[BlackFideId "12401676"]
[EventDate "2018.03.10"]

1. d4 d5 2. c4 c6 3. Nc3 Nf6 4. cxd5 cxd5 5. f3 Nc6 6. e4 dxe4 7. d5 Ne5 8. fxe4
g6 9. Nf3 Nfd7 10. Bb5 Bg7 11. Nxe5 Bxe5 12. O-O Qc7 13. h3 O-O 14. Bxd7 Bxd7
15. Be3 Bxh3 16. d6 Bxd6 17. gxh3 Be5 18. Qf3 e6 19. Rac1 Qe7 20. Bf4 Bg7 21.
Qg3 Rad8 22. Rfd1 Qb4 23. Qg2 Rxd1+ 24. Rxd1 f5 25. a3 Qc4 26. Bd6 Rd8 27. e5
Bxe5 28. Bxe5 Qc5+ 29. Kf1 Rxd1+ 30. Nxd1 Qxe5 31. Qxb7 Qd4 32. Qc8+ Kf7 33.
Qc7+ Kg8 34. Nf2 e5 35. Qc3 Qf4 36. Qc8+ Kg7 37. Qb8 Qd4 38. Qb4 Qd5 39. Qe7+
Kg8 40. Qxa7 Qb5+ 41. Kg1 Qxb2 1/2-1/2

[Event "8th HD Bank Cup 2018"]
[Site "Hanoi VIE"]
[Date "2018.03.12"]
[Round "5.56"]
[White "Andyka, Pitra"]
[Black "Pham, Thi Thu Hien"]
[Result "0-1"]
[WhiteTitle "FM"]
[WhiteElo "2265"]
[BlackElo "2138"]
[WhiteFideId "7103255"]
[BlackFideId "12402575"]
[EventDate "2018.03.10"]

1. e4 c5 2. Nf3 a6 3. c3 d5 4. exd5 Qxd5 5. d4 Nc6 6. Be3 cxd4 7. cxd4 e6 8. Nc3
Qd6 9. Bd3 Nf6 10. O-O Be7 11. Qe2 O-O 12. Rad1 Nb4 13. Bb1 Nbd5 14. Bg5 Bd7 15.
Ne5 Rac8 16. Qd3 g6 17. Rfe1 Rfd8 18. Qf3 Be8 19. Qh3 b5 20. Qh4 Nxc3 21. bxc3
Nd5 22. Ng4 Bxg5 23. Qxg5 Rxc3 24. Be4 Qe7 25. Qh6 b4 26. Bxd5 Rxd5 27. Qf4 f5
28. Ne3 Rd8 29. Qe5 Qd6 30. Qf6 Ba4 31. Rd2 e5 32. Qg5 Rf8 33. d5 Kg7 34. Qh4 e4
35. f3 Qc5 36. Qf4 exf3 37. gxf3 Re8 38. Kf2 a5 39. h4 Bb5 40. h5 Rc4 41. Rc2
Rxc2+ 42. Kg3 0-1

[Event "8th HD Bank Cup 2018"]
[Site "Hanoi VIE"]
[Date "2018.03.12"]
[Round "5.57"]
[White "Emperado, Emmanuel"]
[Black "Samant, Aditya S"]
[Result "1-0"]
[WhiteElo "2232"]
[BlackElo "2107"]
[WhiteFideId "5209960"]
[BlackFideId "35080580"]
[EventDate "2018.03.10"]

1. c3 d5 2. d4 Nf6 3. Nf3 Bf5 4. Qb3 Qc8 5. c4 dxc4 6. Qxc4 e6 7. Nc3 Nbd7 8.
Nh4 Nb6 9. Qb3 Be4 10. Nxe4 Nxe4 11. g3 a5 12. a3 Be7 13. Bg2 Nd6 14. Nf3 O-O
15. O-O a4 16. Qc2 Ndc4 17. Nd2 Nxd2 18. Bxd2 Bf6 19. e3 c6 20. Rfd1 Rd8 21. Bc3
Nd5 22. Be1 e5 23. e4 Nc7 24. dxe5 Bxe5 25. Bc3 Qe6 26. Bxe5 Qxe5 27. f4 Qb5 28.
e5 Ne6 29. Qf2 Qc5 30. Rac1 Qxf2+ 31. Kxf2 Kf8 32. Ke3 Ke7 33. f5 Nc7 34. g4
Rxd1 35. Rxd1 Ra5 36. Kf4 Rc5 37. Rd2 Rc4+ 38. Be4 Na6 39. Rc2 Rd4 40. Ke3 Rd1
41. f6+ gxf6 42. exf6+ Kd6 43. Bxh7 Nc7 44. g5 Nd5+ 45. Kf3 Re1 46. Re2 Rf1+ 47.
Rf2 Re1 48. h4 Re3+ 49. Kg4 Ke5 50. h5 Re1 51. Rf3 Nf4 52. h6 Ne6 53. Rg3 Rd1
54. Re3+ Kd4 1-0

[Event "8th HD Bank Cup 2018"]
[Site "Hanoi VIE"]
[Date "2018.03.12"]
[Round "5.58"]
[White "Manush, Shah"]
[Black "Vatsal, Singhania"]
[Result "1-0"]
[WhiteElo "2202"]
[BlackElo "2090"]
[WhiteFideId "5040680"]
[BlackFideId "25033972"]
[EventDate "2018.03.10"]

1. d4 Nf6 2. Nf3 d5 3. c4 e6 4. e3 Be7 5. Nc3 O-O 6. Bd3 b6 7. O-O Bb7 8. b3
Nbd7 9. Bb2 c5 10. Rc1 Re8 11. Ne5 Bf8 12. f4 a6 13. a4 g6 14. Qf3 Bg7 15. g4
Ra7 1-0

[Event "8th HD Bank Cup 2018"]
[Site "Hanoi VIE"]
[Date "2018.03.12"]
[Round "5.59"]
[White "Nguyen, Phuoc Tam"]
[Black "Thipsay, Bagyashree Sathe"]
[Result "1-0"]
[BlackTitle "WIM"]
[WhiteElo "2169"]
[BlackElo "2000"]
[WhiteFideId "12402109"]
[BlackFideId "5001013"]
[EventDate "2018.03.10"]

1. g3 d5 2. Bg2 e5 3. d3 c6 4. Nd2 Nf6 5. e4 Bd6 6. Ngf3 O-O 7. O-O Re8 8. b3 a5
9. Bb2 Nbd7 10. Re1 Qc7 11. Nh4 g6 12. exd5 cxd5 13. d4 Nb6 14. c4 exd4 15.
Rxe8+ Nxe8 16. cxd5 Nf6 17. Ne4 Nxe4 18. Bxe4 Be5 19. Bxd4 Bxd4 20. Qxd4 Qd6 21.
Ng2 Bd7 22. Ne3 Rc8 23. Bf3 Rc5 24. Re1 f6 25. h4 Kf7 26. Kg2 Rc8 27. h5 Qb4 28.
Qd1 Qd6 29. hxg6+ hxg6 30. Rh1 Kg7 31. Qd2 Qb4 32. Qxb4 axb4 33. Rh4 Rb8 34.
Rxb4 Nc8 35. Rc4 Kf7 36. Rc7 Ke7 37. Rc1 b5 38. d6+ Kxd6 39. Rd1+ Ke6 40. Nd5
Nb6 41. Re1+ Kd6 42. Nxf6 Bf5 43. Ne4+ Ke5 44. Nc3+ 1-0

[Event "8th HD Bank Cup 2018"]
[Site "Hanoi VIE"]
[Date "2018.03.12"]
[Round "5.60"]
[White "Tran, Le Dan Thuy"]
[Black "Vaingorten, Yaaqov"]
[Result "1-0"]
[WhiteTitle "WFM"]
[BlackTitle "FM"]
[WhiteElo "2036"]
[BlackElo "2298"]
[WhiteFideId "12403407"]
[BlackFideId "2603918"]
[EventDate "2018.03.10"]

1. d4 e6 2. c4 f5 3. Nc3 Nf6 4. Nf3 Bb4 5. Bd2 O-O 6. e3 b6 7. Bd3 Bb7 8. O-O c5
9. a3 Ba5 10. Rb1 Na6 11. Qe2 Qe7 12. Rfd1 Ne4 13. Be1 Bxc3 14. Bxc3 Nxc3 15.
bxc3 Rac8 16. a4 Nb8 17. a5 Bxf3 18. Qxf3 bxa5 19. d5 e5 20. Bxf5 g6 21. d6 Qe8
22. Qd5+ Kh8 23. Bh3 Nc6 24. Rb7 Rf7 25. Rc7 Rb8 26. Rxd7 Rxd7 27. Qxc6 Rdd8 28.
Qxc5 1-0

[Event "8th HD Bank Cup 2018"]
[Site "Hanoi VIE"]
[Date "2018.03.12"]
[Round "5.61"]
[White "Li, Ruofan"]
[Black "Priyanka, K"]
[Result "1-0"]
[WhiteTitle "IM"]
[WhiteElo "2351"]
[BlackElo "2087"]
[WhiteFideId "8600643"]
[BlackFideId "5082986"]
[EventDate "2018.03.10"]

1. d4 Nf6 2. c4 g6 3. Nc3 Bg7 4. e4 d6 5. Nf3 O-O 6. h3 e5 7. d5 a5 8. g4 Na6 9.
Be3 Nc5 10. Nd2 c6 11. Be2 Ne8 12. h4 f5 13. g5 Na6 14. f3 f4 15. Bf2 h5 16.
gxh6 Bxh6 17. dxc6 bxc6 18. Nb3 Be6 19. Qd2 c5 20. O-O-O Qb8 21. Nb5 a4 22. Na1
Rf7 23. Nc2 Rd7 24. Qc3 Kh7 25. Kb1 Nac7 26. Rd2 Bf8 27. Rhd1 Qb6 28. Bf1 Rf7
29. Nca3 Rd7 30. Ka1 Na6 31. Nc2 Nb8 32. Qa3 Qa5 33. Kb1 Qa6 34. Ka1 Qa5 35. Be1
Qa6 36. Qd3 Nc6 37. Rh2 Bh6 38. h5 g5 39. Bh3 Bxh3 40. Rxh3 Nd8 41. Bc3 Nf6 42.
Rh2 Nf7 43. Qf1 Qc8 44. Rhd2 Ne8 45. Ne1 Rd8 46. Nd3 Qe6 47. Nf2 Rdb8 48. Ng4
Rd8 49. Rd5 Rdb8 50. Qd3 Ra6 51. Kb1 Rc8 52. Qd2 Rb8 53. Qc2 Rc8 54. Nxd6 Nexd6
55. Nxe5 Kg8 56. Ng4 Bg7 57. Bxg7 Kxg7 58. Qc3+ Kf8 59. h6 Ke7 60. h7 Qg6 61. a3
Rh8 62. Ne5 Qf6 63. Rxc5 Rxh7 64. Rcd5 Rh2 65. c5 Nb5 66. Qb4 Nxe5 67. Qxb5 Ra7
68. Qb6 Ra6 69. Qc7+ Ke8 70. Rd8+ 1-0

[Event "8th HD Bank Cup 2018"]
[Site "Hanoi VIE"]
[Date "2018.03.12"]
[Round "5.62"]
[White "Yee, Soon Wei"]
[Black "Kwon, Sehyun"]
[Result "0-1"]
[WhiteTitle "FM"]
[BlackTitle "CM"]
[WhiteElo "2263"]
[BlackElo "2169"]
[WhiteFideId "10500553"]
[BlackFideId "13203088"]
[EventDate "2018.03.10"]

1. e4 e5 2. Nf3 Nc6 3. Bc4 Nf6 4. d3 h6 5. Nbd2 g6 6. O-O Bg7 7. Re1 O-O 8. Bb3
d6 9. c3 Nh5 10. Nf1 Qf6 11. Ne3 Nf4 12. Nd5 Nxd5 13. Bxd5 Ne7 14. Bb3 Bg4 15.
Re3 g5 16. h3 Bc8 17. Nh2 Ng6 18. Ng4 Qe7 19. Re1 c6 20. d4 Bxg4 21. hxg4 exd4
22. cxd4 c5 23. Be3 cxd4 24. Bxd4 Bxd4 25. Qxd4 Ne5 26. f3 Qf6 27. Rad1 Rfd8 28.
Qe3 b6 29. Rc1 Rac8 30. Bd5 Kg7 31. b4 Rh8 32. a4 0-1

[Event "8th HD Bank Cup 2018"]
[Site "Hanoi VIE"]
[Date "2018.03.12"]
[Round "5.63"]
[White "Bach, Ngoc Thuy Duong"]
[Black "Swati, Ghate"]
[Result "1-0"]
[WhiteTitle "WFM"]
[BlackTitle "WGM"]
[WhiteElo "2000"]
[BlackElo "2249"]
[WhiteFideId "12408956"]
[BlackFideId "5003474"]
[EventDate "2018.03.10"]

1. d4 d5 2. c4 e6 3. Nc3 Bb4 4. cxd5 exd5 5. Qc2 Ne7 6. a3 Bd6 7. Bg5 c6 8. e3
f6 9. Bh4 Bf5 10. Bd3 Qd7 11. Nge2 Bxd3 12. Qxd3 Na6 13. Bg3 Bxg3 14. hxg3 Qf5
15. Nf4 Nc7 16. Qd1 O-O-O 17. b4 Qd7 18. Qc2 h6 19. Nd3 Kb8 20. a4 Rhe8 21. Nc5
Qc8 22. O-O Ne6 23. Rfb1 Nxc5 24. bxc5 h5 25. Qe2 Nf5 26. Qd3 h4 27. g4 Nh6 28.
f3 Qe6 29. Nd1 f5 30. a5 fxg4 31. a6 gxf3 32. Rxb7+ Ka8 33. Qb3 Qc8 34. gxf3 Nf5
35. Rb1 g5 36. Rb2 g4 37. fxg4 Rg8 38. Nf2 Nh6 39. Rh7 Nxg4 40. Qb7+ Qxb7 41.
Rbxb7 Nf6+ 42. Rhg7 Rxg7+ 43. Rxg7 Nd7 44. Nd3 Kb8 45. Kh2 Kc8 46. Re7 Rf8 47.
Nf4 Kd8 48. Re6 Nb8 49. Kh3 Rh8 50. Ng6 Re8 51. Rd6+ Kc7 52. Ne5 Rh8 53. Rf6 1-0

[Event "8th HD Bank Cup 2018"]
[Site "Hanoi VIE"]
[Date "2018.03.12"]
[Round "5.64"]
[White "Nguyen, Hoai Nam"]
[Black "Song, Yuxin"]
[Result "1-0"]
[BlackTitle "WCM"]
[WhiteElo "2177"]
[BlackElo "2067"]
[WhiteFideId "12415880"]
[BlackFideId "8614300"]
[EventDate "2018.03.10"]

1. d4 Nf6 2. Nf3 e6 3. c4 b6 4. g3 Bb7 5. Bg2 Bb4+ 6. Bd2 Be7 7. O-O c6 8. Nc3
d5 9. cxd5 cxd5 10. Qa4+ Bc6 11. Qb3 Nbd7 12. Rfc1 a6 13. Ne5 Nxe5 14. dxe5 Nd7
15. e4 Nc5 16. Qd1 Nd3 17. exd5 exd5 18. Qg4 g6 19. Rd1 h5 20. Qe2 Nxb2 21. Bf4
Nxd1 22. Rxd1 1-0

[Event "8th HD Bank Cup 2018"]
[Site "Hanoi VIE"]
[Date "2018.03.13"]
[Round "6.1"]
[White "Le, Tuan Minh"]
[Black "Gordievsky, Dmitry"]
[Result "1-0"]
[WhiteTitle "IM"]
[BlackTitle "GM"]
[WhiteElo "2489"]
[BlackElo "2630"]
[WhiteFideId "12401153"]
[BlackFideId "24112798"]
[EventDate "2018.03.10"]

1. d4 Nf6 2. Nf3 g6 3. Bg5 Bg7 4. Nbd2 O-O 5. c3 d6 6. e4 Qe8 7. Bc4 e5 8. dxe5
dxe5 9. O-O Nbd7 10. Qc2 h6 11. Bh4 a5 12. a4 Nb6 13. Bb5 c6 14. Be2 Nh5 15. Nc4
Nxc4 16. Bxc4 Kh8 17. Rfe1 Nf4 18. Bg3 Bg4 19. Nd2 Rd8 20. Bf1 Qe7 21. Nc4 h5
22. h3 Be6 23. Nxa5 h4 24. Bh2 Ra8 25. Nc4 Qg5 26. Bxf4 exf4 27. Nd2 Bxh3 28.
Nf3 Qh5 29. gxh3 Qxf3 30. Qd1 Qxd1 31. Rexd1 Rfd8 32. Bc4 f3 33. Bxf7 Kh7 34.
Bb3 Bh6 35. Rxd8 Rxd8 36. Rd1 Rd2 37. Rxd2 Bxd2 38. Be6 b6 39. Bg4 c5 40. Bxf3
Bc1 41. b3 Bd2 42. Kf1 Bxc3 43. Ke2 Kg7 44. Kd3 Be1 45. Kc4 Kf6 46. Kd5 Bxf2 47.
e5+ Ke7 48. Be2 g5 49. Kc6 Ke6 50. Bc4+ Kxe5 51. Kxb6 Kd6 52. a5 g4 53. a6 g3
54. a7 1-0

[Event "8th HD Bank Cup 2018"]
[Site "Hanoi VIE"]
[Date "2018.03.13"]
[Round "6.2"]
[White "Mareco, Sandro"]
[Black "Zhao, Jun"]
[Result "1-0"]
[WhiteTitle "GM"]
[BlackTitle "GM"]
[WhiteElo "2635"]
[BlackElo "2599"]
[WhiteFideId "112275"]
[BlackFideId "8602522"]
[EventDate "2018.03.10"]

1. d4 Nf6 2. c4 c6 3. Nc3 d5 4. e3 g6 5. Nf3 Bg7 6. Be2 O-O 7. O-O b6 8. b4 Bb7
9. a4 dxc4 10. Bxc4 Nd5 11. Na2 c5 12. b5 Nd7 13. Bb2 Rc8 14. Rc1 e6 15. Re1
cxd4 16. Bxd4 Nc5 17. Bf1 Qe7 18. Rc4 e5 19. Bb2 Rfd8 20. Qc2 e4 21. Bxg7 Kxg7
22. Nd4 Qf6 23. Rd1 h5 24. a5 Nd3 25. Nc6 Bxc6 26. Rxc6 Rxc6 27. bxc6 Nc7 28.
axb6 axb6 29. Qc3 Ra8 30. Qxf6+ Kxf6 31. Nc3 Nc5 32. Rb1 Rb8 33. f3 Ke7 34. fxe4
Kd6 35. Bc4 N5e6 36. Rf1 b5 37. Bb3 Rf8 38. Bxe6 Nxe6 39. Nxb5+ Kxc6 40. Nd4+
Kd7 41. Rf6 Nd8 42. e5 Ke7 43. Kf2 Re8 44. Kf3 Kf8 45. Kf4 Kg7 46. Rb6 Re7 47.
h4 Nb7 48. Rc6 Nd8 49. Ra6 Nb7 50. Ra7 Kf8 51. Ra8+ Re8 52. Rxe8+ Kxe8 53. Kg5
Nc5 54. e6 Ke7 55. exf7 Kxf7 56. Kf4 Nd3+ 57. Ke4 Nf2+ 58. Kf3 Nd3 59. e4 g5 60.
hxg5 Kg6 61. Ke3 Nc5 62. Nf3 Ne6 63. g3 Nc5 64. Kd4 Ne6+ 65. Kd5 Nc7+ 66. Ke5
Ne8 67. Ke6 Nc7+ 68. Kd6 Nb5+ 69. Kd7 Nc3 70. e5 Ne4 71. e6 Nc5+ 72. Kd6 Ne4+
73. Kd5 Nc3+ 74. Ke5 Nb5 75. Kf4 Nc7 76. Nh4+ Kg7 77. Ke5 Ne8 78. g6 Kh6 79. e7 1-0

[Event "8th HD Bank Cup 2018"]
[Site "Hanoi VIE"]
[Date "2018.03.13"]
[Round "6.4"]
[White "Wang, Hao"]
[Black "Harsha, Bharathakoti"]
[Result "1-0"]
[WhiteTitle "GM"]
[BlackTitle "IM"]
[WhiteElo "2713"]
[BlackElo "2443"]
[WhiteFideId "8602883"]
[BlackFideId "5078776"]
[EventDate "2018.03.10"]

1. e4 e5 2. Nf3 Nc6 3. Bb5 a6 4. Ba4 Nf6 5. O-O Be7 6. Re1 b5 7. Bb3 d6 8. c3
O-O 9. h3 Nb8 10. d4 Nbd7 11. Nbd2 Bb7 12. Bc2 Re8 13. a4 c5 14. d5 c4 15. b3
cxb3 16. Bxb3 Qc7 17. Re3 Nc5 18. Ba3 Nfd7 19. c4 Qa5 20. cxb5 axb5 21. axb5
Qxb5 22. Bc4 Qb6 23. Rb1 Qc7 24. Bb5 Reb8 25. Qc2 Qd8 26. Rc1 Ba6 27. Bc6 Ra7
28. Nc4 Rc8 29. Bb4 Bb7 30. Na5 Rxa5 31. Bxb7 Rb8 32. Bxa5 Qxa5 33. Bc6 Nf6 34.
Ree1 Rb4 35. Nd2 g6 36. Ra1 Qc7 37. Reb1 Rxb1+ 38. Qxb1 Kg7 39. g3 h5 40. h4 Ng4
41. Ra8 g5 42. hxg5 Bxg5 43. Nc4 h4 44. gxh4 Bxh4 45. f3 Nh6 46. Re8 Qa7 47. Kh1
Kh7 48. Bb5 Nb3 49. Qxb3 Qf2 50. Qe3 Qf1+ 51. Kh2 Ng4+ 52. fxg4 1-0

[Event "8th HD Bank Cup 2018"]
[Site "Hanoi VIE"]
[Date "2018.03.13"]
[Round "6.5"]
[White "Karthikeyan, Murali"]
[Black "Nguyen, Anh Khoi"]
[Result "1/2-1/2"]
[WhiteTitle "GM"]
[BlackTitle "IM"]
[WhiteElo "2592"]
[BlackElo "2435"]
[WhiteFideId "5074452"]
[BlackFideId "12404675"]
[EventDate "2018.03.10"]

1. e4 c5 2. Nf3 d6 3. d4 cxd4 4. Nxd4 Nf6 5. Nc3 a6 6. Be2 e6 7. O-O Be7 8. f4
O-O 9. Be3 Qc7 10. Kh1 b5 11. e5 dxe5 12. fxe5 Nfd7 13. Bf4 Bb7 14. Bf3 Nc6 15.
Bxc6 Bxc6 16. Qg4 Kh8 17. Rae1 b4 18. Nce2 Bd5 19. Ng3 Qb7 20. Nh5 Rg8 21. Bd2
f5 22. Qe2 Nc5 23. Nf4 g5 24. Nxd5 Qxd5 25. Be3 Rg6 26. Rd1 Qe4 27. Rfe1 Rc8 28.
Qf1 Qb7 29. c4 bxc3 30. bxc3 Qc7 31. Nb3 Ne4 32. Qxa6 Rcg8 33. Bd4 g4 34. Qd6
Qb7 35. Na5 Qa8 36. Qxe7 Qxa5 37. Rxe4 fxe4 38. Bf2 g3 39. Bxg3 Qxa2 40. Rg1 Qd5
41. Bh4 Qxe5 42. Rf1 Qxc3 43. g3 Qg7 44. Rf7 Qa1+ 45. Kg2 Qb2+ 46. Kh1 Qa1+ 47.
Kg2 Qb2+ 48. Rf2 Qg7 49. Rf7 Qb2+ 50. Rf2 1/2-1/2

[Event "8th HD Bank Cup 2018"]
[Site "Hanoi VIE"]
[Date "2018.03.13"]
[Round "6.6"]
[White "Nguyen, Ngoc Truong Son"]
[Black "Nguyen, Van Huy"]
[Result "1-0"]
[WhiteTitle "GM"]
[BlackTitle "IM"]
[WhiteElo "2630"]
[BlackElo "2454"]
[WhiteFideId "12401110"]
[BlackFideId "12401064"]
[EventDate "2018.03.10"]

1. c4 Nf6 2. Nc3 e6 3. e4 c5 4. e5 Ng8 5. Nf3 Nc6 6. d4 cxd4 7. Nxd4 Nxe5 8.
Ndb5 a6 9. Nd6+ Bxd6 10. Qxd6 f6 11. Be3 Ne7 12. Bb6 Nf5 13. Qb4 Qe7 14. Qxe7+
Kxe7 15. f4 Ng6 16. g3 d6 17. O-O-O Bd7 18. Bd3 Kf7 19. Bxf5 exf5 20. Rxd6 Bc6
21. Rhd1 Rhe8 22. b4 Nf8 23. Kb2 Re6 24. Rxe6 Nxe6 25. b5 axb5 26. cxb5 Bf3 27.
Rd3 Bg2 28. Rd2 Bf3 29. a4 Nf8 30. Bc5 g5 31. Rf2 g4 32. Rd2 Ne6 33. Rd7+ Kg6
34. Bf2 Rd8 35. Rxd8 Nxd8 36. Kb3 Kf7 37. Kc4 Ke6 38. Kc5 Nf7 39. Kb6 Kd7 40.
Bc5 Nd8 41. Bd4 Ne6 42. Bxf6 Nc7 43. Kc5 Ke6 44. Bd8 Nd5 45. Nb1 Kd7 46. Bb6 h5
47. a5 h4 48. gxh4 Nxf4 49. Nd2 Be2 50. Nc4 Nh5 51. a6 bxa6 52. bxa6 Kc8 53.
Nd6+ Kd7 54. a7 Bf3 55. Nxf5 Ba8 56. Ng3 Nf6 57. h5 Ke6 58. Kc4 Kf7 59. Bd4 Nd5
60. Kc5 Nf4 61. Kd6 Kg8 62. Kc7 Ne6+ 63. Kb8 1-0

[Event "8th HD Bank Cup 2018"]
[Site "Hanoi VIE"]
[Date "2018.03.13"]
[Round "6.7"]
[White "Wen, Yang"]
[Black "Pascua, Haridas"]
[Result "1/2-1/2"]
[WhiteTitle "GM"]
[BlackTitle "IM"]
[WhiteElo "2608"]
[BlackElo "2431"]
[WhiteFideId "8602956"]
[BlackFideId "5203953"]
[EventDate "2018.03.10"]

1. d4 Nf6 2. Nf3 g6 3. g3 Bg7 4. Bg2 O-O 5. O-O d6 6. b3 Nbd7 7. Bb2 e5 8. dxe5
Ng4 9. Nc3 Ngxe5 10. Qd2 Nxf3+ 11. Bxf3 Nc5 12. Rad1 Re8 13. Rfe1 Rb8 14. Qc1
Be6 15. Bg2 b5 16. a3 a5 17. Qa1 b4 18. axb4 axb4 19. Nd5 Bxb2 20. Qxb2 Bxd5 21.
Bxd5 Ne4 22. Bc6 1/2-1/2